000 01066nam0a22002651 4500
001 rc\3027515
005 20250806201551.0
035 _a(NLR Aleph) 007168687
090 _a43791
_c43791
100 _a20110929d1945 u y0rusy50 ca
101 0 _arus
102 _aRU
105 _aa z |||||
200 1 _aПолевая фортификация
_fКоллектив авторов кафедры фортификаци ВИТУ под ред. ген.-лейт. инж. войск проф. Н.И. Унгерман
_gВысш. инженерно-техн. краснознам. училище ВМФ СССР
210 _aМосква
_aЛенинград
_cВоенмориздат
_d1945
215 _a679 с., 1 л. схем.
_cил., схем.
_d22 см
320 _aБиблиогр.: с. 672-674
702 1 _aУнгерман
_bН.И.
_4340
801 0 _aRU
_bNLR
_gpsbo
801 1 _aRU
_bELAR
_2rusmarc
852 _aNLR
_j66-5/2168
942 _cBOOK
945 _aРоссийская национальная библиотека
980 _aNB
980 _aBV